AN INTRODUCTION TO PUBLIC INTERNATIONAL LAW (Record no. 34430)

MARC details
000 -LEADER
fixed length control field 00334nam a22001457a 4500
003 - CONTROL NUMBER IDENTIFIER
control field SGT
020 ## - INTERNATIONAL STANDARD BOOK NUMBER
International Standard Book Number 9788119121540
082 ## - DEWEY DECIMAL CLASSIFICATION NUMBER
Classification number 341
Item number VER
100 ## - MAIN ENTRY--PERSONAL NAME
Personal name VERMA S K
245 ## - TITLE STATEMENT
Title AN INTRODUCTION TO PUBLIC INTERNATIONAL LAW
250 ## - EDITION STATEMENT
Edition statement 4
260 ## - PUBLICATION, DISTRIBUTION, ETC. (IMPRINT)
Place of publication, distribution, etc NEW DELHI
Name of publisher, distributor, etc SATYAM LAW INTERNATIONAL
Year of Publication 2025
300 ## - PAGE DESCRIPTION
No. of Pages 684
942 ## - ADDED ENTRY ELEMENTS (KOHA)
Source of classification or shelving scheme Dewey Decimal Classification
Koha item type Books
Holdings
Withdrawn status Lost status Source of classification or shelving scheme Damaged status Not for loan Collection code Home library Current library Shelving location Date acquired Vendor Name Cost, normal purchase price SGTU Bill Number Full call number Accession No. (Barcode) Date last seen Bill Date Koha item type Total Checkouts
    Dewey Decimal Classification   Not For Loan LAW SGT Science & Social Sciences Library SGT Science & Social Sciences Library Reference Book 24/03/2026 ZAFFA BOOKS 950.00 SGTU ZBD0484 341 VER FL4198 24/03/2026 11/03/2026 Books  
    Dewey Decimal Classification     LAW SGT Science & Social Sciences Library SGT Science & Social Sciences Library Text Book 24/03/2026 ZAFFA BOOKS 950.00 SGTU ZBD0484 341 VER FL4199 24/03/2026 11/03/2026 Books  
    Dewey Decimal Classification     LAW SGT Science & Social Sciences Library SGT Science & Social Sciences Library Text Book 24/03/2026 ZAFFA BOOKS 950.00 SGTU ZBD0484 341 VER FL4200 24/03/2026 11/03/2026 Books